ՀՀ Գիտությունների ազգային ակադեմիայի հիմնարար գիտական գրադարան  =   Fundamental Scientific Library of NAS RA

VII գիտաժողով` նվիված Հայկական բժշկական ինստիտուտի 25-ամյակին : (Record no. 368993)

MARC details
000 -LEADER
fixed length control field 01120nam a2200241 a 4500
001 - CONTROL NUMBER
control field 001152726
003 - CONTROL NUMBER IDENTIFIER
control field AM-YeHGA
005 - DATE AND TIME OF LATEST TRANSACTION
control field 20250618074536.0
008 - FIXED-LENGTH DATA ELEMENTS--GENERAL INFORMATION
fixed length control field 160531s2016 ||||||||r|||||000|0|rus|d
020 ## - INTERNATIONAL STANDARD BOOK NUMBER
International Standard Book Number 9789939838397
040 ## - CATALOGING SOURCE
Original cataloging agency AM-YeHGA
041 0# - LANGUAGE CODE
Language code of text/sound track or separate title arm
090 ## - LOCALLY ASSIGNED LC-TYPE CALL NUMBER (OCLC); LOCAL CALL NUMBER (RLIN)
-- 370865
111 2# - MAIN ENTRY--MEETING NAME
Meeting name or jurisdiction name as entry element Հայկական բժշկական ինստիտուտ. Գիտաժողով
Number of part/section/meeting (7 ;
Date of meeting or treaty signing 2016 ;
Location of meeting Երևան).
245 10 - TITLE STATEMENT
Title VII գիտաժողով` նվիված Հայկական բժշկական ինստիտուտի 25-ամյակին :
Remainder of title Թեզիսներ /
Statement of responsibility, etc. Խմբ.` Գ.Ա. Գևորգյան.
246 11 - VARYING FORM OF TITLE
Title proper/short title Сборник тезисов студенческой конференции посвященной 25-летию Армянского медицинского института, Ереван, 2016 г.
260 ## - PUBLICATION, DISTRIBUTION, ETC.
Place of publication, distribution, etc. Երևան :
Name of publisher, distributor, etc. Հայրապետ հրատարակչություն,
Date of publication, distribution, etc. 2016.
300 ## - PHYSICAL DESCRIPTION
Extent 112 էջ ;
Dimensions 22 սմ.
650 14 - SUBJECT ADDED ENTRY--TOPICAL TERM
Topical term or geographic name entry element Գիտաժողովներ
650 14 - SUBJECT ADDED ENTRY--TOPICAL TERM
Topical term or geographic name entry element Գիտական հետազոտություններ
651 #4 - SUBJECT ADDED ENTRY--GEOGRAPHIC NAME
Geographic name Երևան
9 (RLIN) 6142
700 1# - ADDED ENTRY--PERSONAL NAME
Personal name Գևորգյան, Գ.Ա.
Relator term խմբ.
Relationship edt
Holdings
Withdrawn status Lost status Damaged status Not for loan Collection Home library Current library Date acquired Cost, normal purchase price Shelving control number Total checkouts Full call number Barcode Date last seen Price effective from Koha item type Public note
        General Fundamental Scientific Library Fundamental Scientific Library 11/01/2017 1000.00     AII/101665 FL0408596 11/01/2017 11/01/2017 Գրքեր / Books 30 Days Loan
        General Fundamental Scientific Library Fundamental Scientific Library 11/01/2017 1000.00     AII/101666 FL0408597 11/01/2017 11/01/2017 Գրքեր / Books 30 Days Loan
        General Fundamental Scientific Library Fundamental Scientific Library 11/01/2017 1000.00     AII/101667 FL0408598 11/01/2017 11/01/2017 Գրքեր / Books 30 Days Loan


ՀՀ ԳԱԱ հիմնարար գիտական գրադարան
ՀՀ,Երևան 0019
Մարշալ Բաղրամյան 24/6
հեռախոս:(374-10) 52-47-50
Հետադարձ կապ

All site content, except where otherwise noted, is licensed under a
Creative Commons License